[Event "17. Europa ch Juvenil - Masculino s12"]
[Site "Sibenik CRO"]
[Date "2007.09.20"]
[Round "7.12"]
[White "Fedoseev, Vladimir"]
[Black "Blazeka, Matej"]
[Result "1-0"]
[WhiteElo "2237"]
[BlackElo "1910"]
[PlyCount "139"]
[EventDate "2007.09.14"]
[EventType "swiss"]
[EventRounds "9"]
[EventCountry "CRO"]
[Source "lmi"]
[SourceDate "2007.09.14"]

1. e4 e5 2. Nf3 Nc6 3. Bb5 a6 4. Ba4 Nf6 5. O-O Be7 6. Re1 b5 7. Bb3 d6 8. c3
O-O 9. h3 Na5 10. Bc2 c5 11. d4 Qc7 12. Nbd2 Bd7 13. Nf1 Rfc8 14. Ne3 cxd4 15.
cxd4 Nc6 16. Nd5 Qd8 17. Nxe7+ Qxe7 18. d5 Nb4 19. Bb1 a5 20. Bd2 Qd8 21. a3
Na6 22. b4 axb4 23. axb4 Nc7 24. Bd3 Nfe8 25. Bg5 f6 26. Be3 Rxa1 27. Qxa1 f5
28. exf5 Nxd5 29. Qa2 Nef6 30. Bg5 Kh8 31. Be4 Nc3 32. Qa6 Ncxe4 33. Rxe4 Bxf5
34. Re1 Rb8 35. Rd1 Rb6 36. Qa5 Qb8 37. Be3 Rb7 38. Nxe5 Ne8 39. Nc6 Qc7 40.
Qa6 Be4 41. Na7 Qd7 42. f3 Bc2 43. Rc1 Bb3 44. Bf2 Bd5 45. Rd1 Bc4 46. Nc6 Rc7
47. Na5 Qc8 48. Qb6 Be2 49. Re1 Rc1 50. Qe3 Rxe1+ 51. Bxe1 Bc4 52. Nxc4 bxc4
53. Bc3 Qd7 54. h4 Kg8 55. h5 h6 56. g4 Nc7 57. Qa7 Qc6 58. Qb8+ Kh7 59. Qf8
Qd7 60. Qf4 d5 61. Be5 Nb5 62. g5 hxg5 63. Qxg5 Qf7 64. Kf2 c3 65. Qe3 Qxh5 66.
Qd3+ g6 67. Qxd5 c2 68. Qf7+ Kh6 69. Bg7+ Kg5 70. Qf6# 1-0

[Event "17. Europa ch Juvenil - Masculino s12"]
[Site "Sibenik CRO"]
[Date "2007.09.20"]
[Round "7.13"]
[White "Omelyanchuk, Viktor"]
[Black "Lukovic, Vladimir"]
[Result "1/2-1/2"]
[WhiteElo "2048"]
[BlackElo "1898"]
[PlyCount "94"]
[EventDate "2007.09.14"]
[EventType "swiss"]
[EventRounds "9"]
[EventCountry "CRO"]
[Source "lmi"]
[SourceDate "2007.09.14"]

1. e4 e5 2. Nf3 Nc6 3. Nc3 Nf6 4. Bb5 Bb4 5. O-O O-O 6. d3 d6 7. Bg5 Bxc3 8.
bxc3 h6 9. Bc1 Na5 10. Re1 c6 11. Ba4 b5 12. Bb3 Nxb3 13. cxb3 c5 14. d4 Qe7
15. d5 Nh7 16. g3 Bg4 17. Qd3 Qd7 18. Nh4 g5 19. Nf5 Bxf5 20. exf5 e4 21. Rxe4
Qxf5 22. c4 Rae8 23. Re3 Qxd3 24. Rxd3 Re1+ 25. Kg2 b4 26. Re3 Re8 27. Rxe8+
Rxe8 28. Kf1 Nf6 29. f3 a5 30. a3 Re7 31. axb4 axb4 32. Ra6 Ne8 33. Kf2 Kg7 34.
f4 f6 35. fxg5 fxg5 36. Kf3 Kg6 37. Be3 Rf7+ 38. Ke2 Kf5 39. Ra8 Re7 40. Kf3
Kg6 41. Rd8 Kf7 42. h4 Ra7 43. hxg5 hxg5 44. Bxg5 Ra3 45. Kf4 Rxb3 46. Rd7+ Kg6
47. Rd8 Rc3 1/2-1/2

[Event "17. Europa ch Juvenil - Masculino s12"]
[Site "Sibenik CRO"]
[Date "2007.09.20"]
[Round "7.14"]
[White "Tzouganakis, Panteleimon"]
[Black "Lugovskoy, Maxim"]
[Result "1/2-1/2"]
[WhiteElo "1832"]
[BlackElo "2041"]
[PlyCount "110"]
[EventDate "2007.09.14"]
[EventType "swiss"]
[EventRounds "9"]
[EventCountry "CRO"]
[Source "lmi"]
[SourceDate "2007.09.14"]

1. e4 d5 2. exd5 Qxd5 3. Nc3 Qd8 4. d4 Nf6 5. Bc4 c6 6. Nf3 Bf5 7. Bf4 e6 8.
O-O Be7 9. h3 Nbd7 10. Qe2 Nb6 11. Bb3 O-O 12. Rad1 Re8 13. Ne5 Nbd5 14. Nxd5
Nxd5 15. Bh2 Bd6 16. c4 Nf6 17. Bc2 Bxc2 18. Qxc2 Qa5 19. a3 Rac8 20. c5 Bxe5
21. Bxe5 Nd5 22. Qe4 b5 23. Rd3 Qd8 24. Rg3 f6 25. Bd6 a5 26. Re1 Qd7 27. b3
Qf7 28. Qc2 Ne7 29. Bxe7 Rxe7 30. Qd2 a4 31. bxa4 bxa4 32. Qb4 Ra8 33. Qb6 Qe8
34. Rge3 Qd7 35. Qb4 Kf7 36. Qc4 Ra7 37. Rb1 Qc8 38. Rb6 Qa8 39. f4 g6 40. Re2
Qc8 41. Kf2 Kg7 42. Rb4 Qc7 43. g3 e5 44. dxe5 fxe5 45. fxe5 Qc8 46. Kg2 Qd7
47. Qd4 Qxd4 48. Rxd4 Ra5 49. Rc4 Kf7 50. Kf3 Rb7 51. Rec2 Ke6 52. Ke4 Rb1 53.
Rd2 Re1+ 54. Kf4 Rf1+ 55. Ke4 Re1+ 1/2-1/2

[Event "17. Europa ch Juvenil - Masculino s12"]
[Site "Sibenik CRO"]
[Date "2007.09.20"]
[Round "7.16"]
[White "Draskovic, Luka"]
[Black "Yuksel, Atilla Koksal"]
[Result "1/2-1/2"]
[WhiteElo "1989"]
[BlackElo "1848"]
[PlyCount "37"]
[EventDate "2007.09.14"]
[EventType "swiss"]
[EventRounds "9"]
[EventCountry "CRO"]
[Source "lmi"]
[SourceDate "2007.09.14"]

1. e4 c5 2. Nf3 Nc6 3. d4 cxd4 4. Nxd4 Nf6 5. Nc3 d6 6. Bg5 e6 7. Qd2 a6 8.
O-O-O h6 9. Be3 Ng4 10. Nxc6 bxc6 11. Bc5 d5 12. Bxf8 Rxf8 13. Bc4 Bb7 14. exd5
cxd5 15. Bb3 Qb6 16. Ba4+ Ke7 17. Rhf1 Rfd8 18. Qf4 Nf6 19. Bb3 1/2-1/2

[Event "17. Europa ch Juvenil - Masculino s12"]
[Site "Sibenik CRO"]
[Date "2007.09.20"]
[Round "7.17"]
[White "Cruz Lledo, Pablo"]
[Black "Karabayir, Mustafa Yilmaz"]
[Result "0-1"]
[WhiteElo "1967"]
[BlackElo "1808"]
[PlyCount "34"]
[EventDate "2007.09.14"]
[EventType "swiss"]
[EventRounds "9"]
[EventCountry "CRO"]
[Source "lmi"]
[SourceDate "2007.09.14"]

1. d4 Nf6 2. c4 e5 3. dxe5 Ne4 4. Qc2 Bb4+ 5. Nc3 d5 6. exd6 Bf5 7. dxc7 Qxc7
8. Qb3 Nc6 9. Nf3 Qa5 10. a3 O-O-O 11. e3 Nxc3 12. axb4 Qxa1 13. Qxc3 Nxb4 14.
Nd4 Rxd4 15. exd4 Na2 16. Qd2 Re8+ 17. Be2 Qxc1+ 0-1

[Event "17. Europa ch Juvenil - Masculino s12"]
[Site "Sibenik CRO"]
[Date "2007.09.20"]
[Round "7.18"]
[White "Monev, Alexander"]
[Black "Hiti, Domen"]
[Result "1-0"]
[WhiteElo "1951"]
[BlackElo "1739"]
[PlyCount "61"]
[EventDate "2007.09.14"]
[EventType "swiss"]
[EventRounds "9"]
[EventCountry "CRO"]
[Source "lmi"]
[SourceDate "2007.09.14"]

1. e4 d5 2. exd5 Qxd5 3. Nc3 Qa5 4. d4 Nf6 5. Nf3 c6 6. Bc4 Bf5 7. Bd2 e6 8.
Nd5 Qd8 9. Nxf6+ Qxf6 10. Qe2 Nd7 11. O-O-O Bg4 12. d5 Bxf3 13. gxf3 cxd5 14.
Bxd5 O-O-O 15. Ba5 exd5 16. Bxd8 Qxd8 17. Rxd5 Qc7 18. Qe8+ Qd8 19. Qxd8+ Kxd8
20. Rhd1 Kc8 21. Rxd7 Bc5 22. Rxf7 g6 23. Rdd7 Bb6 24. Kd2 h6 25. Rxb7 Rd8+ 26.
Ke2 Re8+ 27. Rbe7 Rd8 28. Rg7 g5 29. Rh7 Rd6 30. Rh8+ Bd8 31. Rxa7 1-0

[Event "17. Europa ch Juvenil - Masculino s12"]
[Site "Sibenik CRO"]
[Date "2007.09.21"]
[Round "8.2"]
[White "Pardo Simon, David"]
[Black "Bukavshin, Ivan"]
[Result "1/2-1/2"]
[WhiteElo "2080"]
[BlackElo "2250"]
[PlyCount "105"]
[EventDate "2007.09.14"]
[EventType "swiss"]
[EventRounds "9"]
[EventCountry "CRO"]
[Source "lmi"]
[SourceDate "2007.09.14"]

1. e4 c5 2. Nf3 Nc6 3. Bb5 Qb6 4. Nc3 e6 5. Bxc6 Qxc6 6. d4 cxd4 7. Nxd4 Qc7 8.
O-O a6 9. Be3 Nf6 10. Qd2 d6 11. h3 Be7 12. a4 b6 13. Rad1 O-O 14. f4 Bb7 15.
Qd3 Rac8 16. g4 Qb8 17. Nde2 Qa8 18. Ng3 Nd7 19. Kh2 Nc5 20. Bxc5 Rxc5 21. f5
Rd8 22. Nh5 d5 23. fxe6 fxe6 24. exd5 Bxd5 25. Nxd5 Rcxd5 26. Qe2 Bd6+ 27. Ng3
Be5 28. Rxd5 Qxd5 29. b3 Qd2 30. Qg2 Bxg3+ 31. Kxg3 Qd6+ 32. Kh4 Qe7+ 33. Kg3
Qc7+ 34. Kh4 Rd5 35. Qf3 Qe7+ 36. Kg3 a5 37. Rf2 h5 38. Re2 Qd6+ 39. Qf4 Qxf4+
40. Kxf4 hxg4 41. Kxg4 Kf7 42. Re3 Kf6 43. Rc3 Rc5 44. Rf3+ Kg6 45. Re3 Rg5+
46. Kf4 Rf5+ 47. Kg4 Kf6 48. Rc3 Rc5 49. Rf3+ Ke7 50. c4 Re5 51. Rd3 Re1 52.
Kg5 g6 53. Rg3 1/2-1/2

[Event "17. Europa ch Juvenil - Masculino s12"]
[Site "Sibenik CRO"]
[Date "2007.09.21"]
[Round "8.3"]
[White "Grigoryan, Karen H"]
[Black "Rapport, Richard"]
[Result "1-0"]
[WhiteElo "2150"]
[BlackElo "2122"]
[PlyCount "77"]
[EventDate "2007.09.14"]
[EventType "swiss"]
[EventRounds "9"]
[EventCountry "CRO"]
[Source "lmi"]
[SourceDate "2007.09.14"]

1. e4 c5 2. Nc3 Nc6 3. Bb5 Na5 4. Nf3 a6 5. Be2 e6 6. d4 cxd4 7. Nxd4 d6 8. O-O
b5 9. f4 Qc7 10. Be3 Nf6 11. a3 Bb7 12. Qd3 Be7 13. b4 Nc6 14. Nxc6 Bxc6 15.
Bf3 O-O 16. Rad1 Rac8 17. Qe2 Qb7 18. Bd4 Rfe8 19. Rd3 Nd7 20. Nd1 Bf8 21. Bc3
e5 22. f5 Nf6 23. Nf2 d5 24. Re1 dxe4 25. Nxe4 Nd5 26. Bd2 Nf4 27. Bxf4 exf4
28. Rd4 Re5 29. Qd2 Rxf5 30. Bg4 Re5 31. Bxc8 Qxc8 32. Qxf4 Qe8 33. g4 h5 34.
h3 hxg4 35. hxg4 f6 36. Kf2 Qe6 37. Ng5 Qe7 38. Rxe5 fxe5 39. Qf5 1-0

[Event "17. Europa ch Juvenil - Masculino s12"]
[Site "Sibenik CRO"]
[Date "2007.09.21"]
[Round "8.4"]
[White "Sanchez Ibern, Marc"]
[Black "Bajarani, Ulvi"]
[Result "0-1"]
[WhiteElo "2087"]
[BlackElo "2164"]
[PlyCount "94"]
[EventDate "2007.09.14"]
[EventType "swiss"]
[EventRounds "9"]
[EventCountry "CRO"]
[Source "lmi"]
[SourceDate "2007.09.14"]

1. e4 c5 2. Nc3 g6 3. Nge2 Bg7 4. d4 cxd4 5. Nxd4 Nc6 6. Nde2 Nf6 7. g3 b6 8.
Bg2 Ba6 9. O-O O-O 10. Re1 Rc8 11. a3 d6 12. Ra2 Bc4 13. b3 Ba6 14. Nd5 Nd7 15.
Bb2 Bxb2 16. Rxb2 e6 17. Ne3 Qf6 18. Ra2 Bxe2 19. Rxe2 Nd4 20. Rd2 Nb5 21. Ra1
Nc5 22. f3 Rfd8 23. Qe1 Nc3 24. Rc1 Qg7 25. Nd1 N3xe4 26. fxe4 Nxb3 27. Rb1
Nxd2 28. Qxd2 h5 29. c3 Rc5 30. Rb4 Qe5 31. Rd4 Ra5 32. a4 b5 33. Nb2 Qg7 34.
Bf1 bxa4 35. Rxa4 Rxa4 36. Nxa4 Qe5 37. Bd3 Qa5 38. Bc2 Qe5 39. Kf2 h4 40. Qf4
hxg3+ 41. hxg3 Qh5 42. Qh4 Qxh4 43. gxh4 Kg7 44. Kf3 f5 45. exf5 gxf5 46. Bd1
Kf6 47. h5 Kg5 0-1

[Event "17. Europa ch Juvenil - Masculino s12"]
[Site "Sibenik CRO"]
[Date "2007.09.21"]
[Round "8.5"]
[White "Shurunov, Arseniy"]
[Black "Beradze, Irakli"]
[Result "0-1"]
[WhiteElo "2037"]
[BlackElo "2109"]
[PlyCount "154"]
[EventDate "2007.09.14"]
[EventType "swiss"]
[EventRounds "9"]
[EventCountry "CRO"]
[Source "lmi"]
[SourceDate "2007.09.14"]

1. e4 c6 2. d4 d5 3. Nc3 dxe4 4. Nxe4 Nd7 5. Bc4 Ngf6 6. Ng5 e6 7. Qe2 Nb6 8.
Bd3 h6 9. N5f3 c5 10. dxc5 Bxc5 11. Ne5 O-O 12. Ngf3 Nbd5 13. a3 a6 14. c4 Ne7
15. b4 Bd6 16. Bb2 b6 17. O-O Bb7 18. Rfd1 Qc7 19. Rac1 Rac8 20. h3 Nh5 21. Be4
Bxe4 22. Qxe4 Nf6 23. Qe2 Rfd8 24. Qc2 Nd7 25. Nd3 Nc6 26. Qc3 Bf8 27. Re1 Re8
28. Re2 Nf6 29. Qc2 Nd7 30. Re4 a5 31. Qc3 axb4 32. axb4 Rcd8 33. Rce1 Nf6 34.
R4e3 Qd6 35. b5 Ne7 36. Nde5 Qc7 37. R3e2 Rc8 38. Qb3 Nh5 39. g3 Nf6 40. g4 Nd7
41. Nxd7 Qxd7 42. Ne5 Qb7 43. Rd1 Red8 44. Red2 Rxd2 45. Rxd2 Qe4 46. Qc2 Qe1+
47. Kg2 Nd5 48. Nf3 Nf4+ 49. Kg3 Qf1 50. Qd1 Qxc4 51. Ne5 Qb4 52. Nc6 Qc4 53.
Ne5 Qc7 54. Kxf4 f6 55. Qe2 Bd6 56. Kf3 fxe5 57. Qe4 Qc5 58. Kg2 Rf8 59. Qg6
Rf6 60. Qd3 Bf8 61. Re2 Bd6 62. Rd2 Bc7 63. Rc2 Qe7 64. Qe4 Kh8 65. Qa8+ Kh7
66. Qe4+ Kg8 67. Qa8+ Rf8 68. Qc6 Bb8 69. Qxb6 e4 70. Qe3 Qd6 71. Bd4 Qh2+ 72.
Kf1 Qh1+ 73. Ke2 Bf4 74. Qb3 Kh7 75. Ra2 Rc8 76. Rc2 Qf3+ 77. Qxf3 Rxc2+ 0-1

[Event "17. Europa ch Juvenil - Masculino s12"]
[Site "Sibenik CRO"]
[Date "2007.09.21"]
[Round "8.6"]
[White "Dragun, Kamil"]
[Black "Talipov, Nafis"]
[Result "1-0"]
[WhiteElo "2050"]
[BlackElo "2021"]
[PlyCount "89"]
[EventDate "2007.09.14"]
[EventType "swiss"]
[EventRounds "9"]
[EventCountry "CRO"]
[Source "lmi"]
[SourceDate "2007.09.14"]

1. e4 c6 2. d4 d5 3. exd5 cxd5 4. c4 Nf6 5. Nc3 Nc6 6. cxd5 Nxd5 7. Nf3 e6 8.
Bd3 Be7 9. O-O Bf6 10. Be4 Nce7 11. Re1 O-O 12. Qc2 h6 13. Ne5 b6 14. Be3 Bb7
15. Rad1 Rc8 16. Ng4 Qd7 17. Qd3 Kh8 18. Bc1 Rfd8 19. Qh3 Ng8 20. Nxh6 gxh6 21.
Bxh6 Rxc3 22. bxc3 Nxh6 23. Qxh6+ Kg8 24. c4 Bg7 25. Qh7+ Kf8 26. cxd5 Bxd5 27.
Re3 Bxa2 28. Rg3 f5 29. Bf3 Bc4 30. h4 Qf7 31. Bh5 Qe7 32. Bg6 Bf6 33. Qh5 a5
34. Qh6+ Bg7 35. Qf4 Qd6 36. Qc1 Be2 37. Re1 f4 38. Rc3 Bb5 39. Rc8 Ke7 40.
Qc7+ Rd7 41. Re8+ Kf6 42. R8xe6+ Qxe6 43. Rxe6+ Kxe6 44. Qxf4 Rxd4 45. Qf7+ 1-0

[Event "17. Europa ch Juvenil - Masculino s12"]
[Site "Sibenik CRO"]
[Date "2007.09.21"]
[Round "8.7"]
[White "Nasuta, Grzegorz"]
[Black "Fedoseev, Vladimir"]
[Result "1/2-1/2"]
[WhiteElo "1958"]
[BlackElo "2237"]
[PlyCount "112"]
[EventDate "2007.09.14"]
[EventType "swiss"]
[EventRounds "9"]
[EventCountry "CRO"]
[Source "lmi"]
[SourceDate "2007.09.14"]

1. e4 c5 2. Nf3 d6 3. d4 Nf6 4. Nc3 cxd4 5. Nxd4 a6 6. f3 e5 7. Nb3 Be6 8. Be3
Be7 9. Qd2 Nbd7 10. O-O-O O-O 11. g4 b5 12. Nd5 Bxd5 13. exd5 Nb6 14. Na5 Nfxd5
15. Nc6 Qc7 16. Nxe7+ Qxe7 17. Bxb6 Nxb6 18. Qxd6 Qg5+ 19. Qd2 Qf6 20. Qe3 Rfd8
21. Bd3 Nd5 22. Bxh7+ Kxh7 23. Rxd5 Rxd5 24. Qe4+ Kg8 25. Qxd5 Qf4+ 26. Kb1 Rf8
27. h4 Kh7 28. a3 f5 29. Re1 e4 30. fxe4 fxg4 31. e5 Rf5 32. Qd3 Qf2 33. Qe4
Qf3 34. e6 Qxe4 35. Rxe4 g3 36. e7 g2 37. e8=Q g1=Q+ 38. Re1 Qd4 39. Qe4 Qxe4
40. Rxe4 Kh6 41. b3 Rf3 42. Kb2 Kg6 43. c4 bxc4 44. bxc4 Kf5 45. Re7 Kf6 46.
Ra7 Rf4 47. Rxa6+ Ke5 48. Kb3 Rxh4 49. Rg6 Kd4 50. Rxg7 Rh6 51. Rd7+ Kc5 52.
Rd5+ Kc6 53. Kb4 Rh1 54. Rd3 Rh7 55. Rb3 Rb7+ 56. Kc3 Ra7 1/2-1/2

[Event "17. Europa ch Juvenil - Masculino s12"]
[Site "Sibenik CRO"]
[Date "2007.09.21"]
[Round "8.8"]
[White "Tejedor Fuentes, Enrique"]
[Black "Yudin, Ivan"]
[Result "0-1"]
[WhiteElo "1918"]
[BlackElo "2166"]
[PlyCount "90"]
[EventDate "2007.09.14"]
[EventType "swiss"]
[EventRounds "9"]
[EventCountry "CRO"]
[Source "lmi"]
[SourceDate "2007.09.14"]

1. e4 c5 2. Nf3 d6 3. d4 cxd4 4. Nxd4 Nf6 5. Nc3 a6 6. Be2 e6 7. O-O Nbd7 8.
Kh1 b5 9. a3 Bb7 10. Bf3 Qc7 11. Bg5 Be7 12. Re1 O-O 13. Qe2 Ne5 14. Bd2 Rac8
15. Rac1 Nc4 16. Nd1 Rfd8 17. b3 Nxd2 18. Qxd2 g6 19. Qe3 e5 20. Ne2 d5 21.
exd5 Bxa3 22. Ra1 Bb4 23. c3 Bd6 24. Qd3 Bc5 25. c4 Bb4 26. Rf1 bxc4 27. bxc4
Qxc4 28. Qxc4 Rxc4 29. Ne3 Rcc8 30. Ng3 a5 31. h3 Kg7 32. Rfd1 Ne8 33. Kh2 Nd6
34. h4 f5 35. Ngf1 f4 36. Ng4 e4 37. Be2 h5 38. Ne5 Bc3 39. Nc6 Bxc6 40. dxc6
Bxa1 41. Rxa1 Rxc6 42. Rxa5 Rc2 43. Ra7+ Kh6 44. Bd1 Rxf2 45. Kg1 Rb2 0-1

[Event "17. Europa ch Juvenil - Masculino s12"]
[Site "Sibenik CRO"]
[Date "2007.09.21"]
[Round "8.9"]
[White "Eltigani, Omar"]
[Black "Savitskiy, Sergey"]
[Result "0-1"]
[WhiteElo "1912"]
[BlackElo "2127"]
[PlyCount "70"]
[EventDate "2007.09.14"]
[EventType "swiss"]
[EventRounds "9"]
[EventCountry "CRO"]
[Source "lmi"]
[SourceDate "2007.09.14"]

1. e4 e5 2. Bc4 Nf6 3. d4 exd4 4. Nf3 Nc6 5. e5 d5 6. Bb5 Ne4 7. O-O Bc5 8.
Nxd4 Bd7 9. Nxc6 bxc6 10. Bd3 Bf5 11. Nd2 Qh4 12. Nxe4 dxe4 13. Ba6 O-O 14. Qe2
Bd4 15. Bb7 Rae8 16. g3 Qh3 17. Re1 Rxe5 18. c3 Bb6 19. Bxc6 Rc5 20. Bb7 Rb8
21. Ba6 Rd5 22. Bc4 Rd7 23. Bf4 h6 24. a4 a5 25. Bb5 Re7 26. Be3 Kh7 27. Qd2
Bg4 28. Bf1 Qh5 29. Qc2 Bf3 30. c4 Bc5 31. Bxc5 Qxc5 32. Re3 g6 33. Bg2 Bxg2
34. Kxg2 Qd4 35. b3 Qxa1 0-1

[Event "17. Europa ch Juvenil - Masculino s12"]
[Site "Sibenik CRO"]
[Date "2007.09.21"]
[Round "8.10"]
[White "Karabayir, Mustafa Yilmaz"]
[Black "Pagerka, Martin"]
[Result "1-0"]
[WhiteElo "1808"]
[BlackElo "2094"]
[PlyCount "75"]
[EventDate "2007.09.14"]
[EventType "swiss"]
[EventRounds "9"]
[EventCountry "CRO"]
[Source "lmi"]
[SourceDate "2007.09.14"]

1. e4 c5 2. Nf3 Nc6 3. d4 cxd4 4. Nxd4 Nf6 5. Nc3 d6 6. Bg5 e6 7. Be2 Qa5 8.
Bxf6 gxf6 9. O-O a6 10. Nxc6 bxc6 11. f4 Be7 12. e5 fxe5 13. fxe5 Qxe5 14. Bh5
O-O 15. Qf3 f5 16. Rae1 Qd4+ 17. Kh1 Bd7 18. Ne2 Qxb2 19. c3 Qd2 20. Nf4 Rf6
21. Re2 Qxe2 22. Qxe2 e5 23. Rb1 Bf8 24. Qc4+ Kh8 25. Nh3 d5 26. Qh4 Bg7 27.
Ng5 Raf8 28. Nf7+ Kg8 29. Nxe5 Be8 30. Bxe8 Rxe8 31. Nf3 Rfe6 32. h3 Bxc3 33.
Nd4 Rg6 34. Nxf5 Bf6 35. Qf4 Bg5 36. Qc7 Bd8 37. Qd7 Rf8 38. Rb7 1-0

[Event "17. Europa ch Juvenil - Masculino s12"]
[Site "Sibenik CRO"]
[Date "2007.09.21"]
[Round "8.11"]
[White "Gabuzyan, Hovhannes"]
[Black "Monev, Alexander"]
[Result "0-1"]
[WhiteElo "2030"]
[BlackElo "1951"]
[PlyCount "88"]
[EventDate "2007.09.14"]
[EventType "swiss"]
[EventRounds "9"]
[EventCountry "CRO"]
[Source "lmi"]
[SourceDate "2007.09.14"]

1. e4 c5 2. Nf3 e6 3. d3 d5 4. Nbd2 Nc6 5. g3 Nf6 6. Bg2 Be7 7. O-O e5 8. Nh4
O-O 9. Re1 d4 10. Nf5 Be6 11. Nxe7+ Qxe7 12. f4 b5 13. f5 Bd7 14. g4 h6 15. h4
Nh7 16. Nf3 f6 17. Kf2 Nd8 18. Rh1 Nf7 19. Qg1 c4 20. Bf1 Rac8 21. Qg3 Rc6 22.
Bd2 Rfc8 23. Rc1 Ra6 24. a3 c3 25. bxc3 dxc3 26. Be3 Rxa3 27. Be2 Ra2 28. g5
fxg5 29. hxg5 Nhxg5 30. Nxg5 Nxg5 31. Bxg5 hxg5 32. Rh5 Qf6 33. Rxg5 Rf8 34. d4
exd4 35. e5 Qxg5 36. Qxg5 Rxf5+ 37. Qxf5 Bxf5 38. Bxb5 Rxc2+ 39. Rxc2 Bxc2 40.
Ke2 d3+ 41. Bxd3 Bxd3+ 42. Kxd3 Kf7 43. Kxc3 Ke6 44. Kd4 a5 0-1

[Event "17. Europa ch Juvenil - Masculino s12"]
[Site "Sibenik CRO"]
[Date "2007.09.21"]
[Round "8.12"]
[White "Dicu, Razvan-Stefan"]
[Black "Chernyavskiy, Alexander"]
[Result "1-0"]
[WhiteElo "1914"]
[BlackElo "2259"]
[PlyCount "113"]
[EventDate "2007.09.14"]
[EventType "swiss"]
[EventRounds "9"]
[EventCountry "CRO"]
[Source "lmi"]
[SourceDate "2007.09.14"]

1. e4 e6 2. d4 d5 3. Nd2 Nf6 4. e5 Nfd7 5. Bd3 c5 6. c3 Nc6 7. Ngf3 f6 8. exf6
Nxf6 9. O-O cxd4 10. cxd4 Bd6 11. Re1 O-O 12. Nf1 Qc7 13. Bg5 Bd7 14. a3 a5 15.
Rc1 Bf4 16. Bxf4 Qxf4 17. Ng3 Rae8 18. Bb1 Re7 19. Qd3 Be8 20. Qe3 Nh5 21. Ne2
Qf6 22. Ne5 g5 23. Ng4 Qg7 24. Rcd1 Nf4 25. Nxf4 gxf4 26. Qh3 f3 27. g3 Nxd4
28. Bxh7+ Qxh7 29. Qxh7+ Kxh7 30. Rxd4 Rc7 31. h4 Rc6 32. Ne5 Rc2 33. Nd3 Rf6
34. Rc1 Rd2 35. Rc7+ Rf7 36. Rxf7+ Bxf7 37. Rf4 Rxd3 38. Rxf7+ Kg6 39. Rxb7
Rd1+ 40. Kh2 d4 41. Kh3 e5 42. Kg4 e4 43. h5+ Kf6 44. h6 Rh1 45. h7 Ke5 46.
Rb5+ Kf6 47. Kf4 d3 48. Kxe4 Rxh7 49. Rf5+ Ke6 50. Re5+ Kf6 51. Rd5 Rb7 52.
Rxd3 Rxb2 53. Rxf3+ Kg5 54. Kd4 a4 55. Kc4 Kg4 56. Rf4+ Kg5 57. Kc5 1-0

[Event "17. Europa ch Juvenil - Masculino s12"]
[Site "Sibenik CRO"]
[Date "2007.09.21"]
[Round "8.13"]
[White "Yuksel, Atilla Koksal"]
[Black "Nikologorskiy, Konstantin"]
[Result "1-0"]
[WhiteElo "1848"]
[BlackElo "2084"]
[PlyCount "97"]
[EventDate "2007.09.14"]
[EventType "swiss"]
[EventRounds "9"]
[EventCountry "CRO"]
[Source "lmi"]
[SourceDate "2007.09.14"]

1. e4 c6 2. d4 d5 3. exd5 cxd5 4. c4 Nf6 5. Nc3 e6 6. Bg5 Be7 7. Nf3 O-O 8. c5
a5 9. Bd3 b6 10. cxb6 Qxb6 11. O-O Nc6 12. Rb1 h6 13. Bf4 Nb4 14. Be2 Bb7 15.
Ne5 Nc6 16. Nxc6 Bxc6 17. Qd3 Rfc8 18. Rfd1 Ne4 19. Nxe4 dxe4 20. Qg3 Kh8 21.
Bh5 Rf8 22. Be5 f6 23. Bf4 g5 24. Bd6 Qd8 25. Bxe7 Qxe7 26. Rbc1 Rfc8 27. Rc5
Bd5 28. Rdc1 Rxc5 29. Rxc5 Qb7 30. Qc3 Kg8 31. Rc7 Qb4 32. Rc8+ Rxc8 33. Qxc8+
Qf8 34. Qc7 Bxa2 35. Qxa5 Qc8 36. Qc5 Qxc5 37. dxc5 Kf8 38. Kf1 Ke7 39. b4 Kd7
40. Ke2 f5 41. Ke3 Bd5 42. Kd4 e3 43. Kxe3 Bxg2 44. Kd4 Bf1 45. Bd1 Bb5 46. Bb3
Ke7 47. Ke5 Bd7 48. Bc4 h5 49. b5 1-0

[Event "17. Europa ch Juvenil - Masculino s12"]
[Site "Sibenik CRO"]
[Date "2007.09.21"]
[Round "8.15"]
[White "Lugovskoy, Maxim"]
[Black "Lukovic, Vladimir"]
[Result "1/2-1/2"]
[WhiteElo "2041"]
[BlackElo "1898"]
[PlyCount "166"]
[EventDate "2007.09.14"]
[EventType "swiss"]
[EventRounds "9"]
[EventCountry "CRO"]
[Source "lmi"]
[SourceDate "2007.09.14"]

1. d4 Nf6 2. Nf3 g6 3. c4 Bg7 4. Nc3 d6 5. e4 O-O 6. Be2 e5 7. dxe5 dxe5 8.
Qxd8 Rxd8 9. Bg5 Re8 10. Nd5 Nxd5 11. cxd5 c6 12. Bc4 b5 13. Bb3 c5 14. O-O c4
15. Bc2 Nd7 16. Be3 Bb7 17. Rfd1 Bf8 18. Rac1 Bd6 19. Bb1 Rec8 20. Nd2 Ba6 21.
g3 b4 22. f4 Rc7 23. Kf2 Rac8 24. Nf3 f6 25. Bc2 c3 26. b3 Bb5 27. fxe5 Nxe5
28. Nxe5 fxe5 29. Kg2 Rf7 30. Bd3 Bxd3 31. Rxd3 Rcf8 32. Bg1 a5 33. Bb6 Ra8 34.
Rf3 Rxf3 35. Kxf3 a4 36. bxa4 Rxa4 37. Rc2 Ra6 38. Be3 Kf7 39. Ke2 Ra8 40. Kd3
Ke7 41. Rf2 Ke8 42. g4 Be7 43. Bh6 Bc5 44. Be3 Be7 45. Bb6 Bh4 46. Re2 Kd7 47.
Bc5 Be7 48. Bxe7 Kxe7 49. Kc4 Rc8+ 50. Kb3 Kd6 51. Rc2 Kc5 52. a3 Rb8 53. a4
Rf8 54. a5 Ra8 55. Ra2 Ra6 56. Ra4 g5 57. Rxb4 Rxa5 58. Rc4+ Kd6 59. Rxc3 Rb5+
60. Ka4 Rb2 61. Rc6+ Kd7 62. Rh6 Re2 63. Rxh7+ Kd6 64. Rh6+ Kd7 65. Kb5 Rxe4
66. h3 Re1 67. Rg6 e4 68. Kc4 e3 69. Kd3 Rd1+ 70. Kxe3 Rxd5 71. Rf6 Ra5 72. Rf5
Ra3+ 73. Ke4 Rxh3 74. Rxg5 Ke6 75. Rf5 Rh1 76. Rf2 Re1+ 77. Kd3 Rg1 78. Rf4 Ke5
79. Ra4 Rg3+ 80. Ke2 Kf6 81. Kf2 Rb3 82. Ra5 Kg6 83. Rf5 Ra3 1/2-1/2

[Event "17. Europa ch Juvenil - Masculino s12"]
[Site "Sibenik CRO"]
[Date "2007.09.21"]
[Round "8.16"]
[White "Spornberger, Maximilian"]
[Black "Tzouganakis, Panteleimon"]
[Result "0-1"]
[WhiteElo "2016"]
[BlackElo "1832"]
[PlyCount "162"]
[EventDate "2007.09.14"]
[EventType "swiss"]
[EventRounds "9"]
[EventCountry "CRO"]
[Source "lmi"]
[SourceDate "2007.09.14"]

1. Nf3 Nf6 2. g3 g6 3. Bg2 Bg7 4. O-O O-O 5. d3 d6 6. e4 Nbd7 7. Nc3 e5 8. Ne1
Nc5 9. f4 Ne6 10. f5 Nd4 11. g4 Ne8 12. Nf3 c6 13. Nxd4 exd4 14. Ne2 Nc7 15.
Bf4 d5 16. Bxc7 Qxc7 17. exd5 cxd5 18. Bxd5 gxf5 19. gxf5 Be5 20. Rf2 Kh8 21.
Be4 f6 22. Qd2 Rg8+ 23. Kh1 Bd7 24. Nf4 Rg5 25. Rg1 Rag8 26. Rxg5 Rxg5 27. Nh3
Rh5 28. Rf3 Rh4 29. Qb4 Rg4 30. Rf2 Bc6 31. Qe1 Bxe4+ 32. dxe4 Qc6 33. Re2 Qc4
34. Nf2 Rg5 35. b3 Qc6 36. Nd3 Bd6 37. Qf2 Qc3 38. Qf1 Qc6 39. Qf3 Qc3 40. a4
b6 41. Qf2 a5 42. Qe1 Qc6 43. Rf2 Rg4 44. Re2 Bc7 45. Nb2 Qd6 46. Qf2 Rf4 47.
Qg2 Rh4 48. Qg1 Qf4 49. Qf2 Qc1+ 50. Re1 Rxh2+ 51. Qxh2 Qxe1+ 52. Qg1 Qxe4+ 53.
Qg2 Qh4+ 54. Kg1 Qe1+ 55. Qf1 Qg3+ 56. Qg2 Qe3+ 57. Kf1 Qc1+ 58. Ke2 Qxc2+ 59.
Kf3 Qxf5+ 60. Ke2 Qc2+ 61. Kf3 Qxb3+ 62. Kg4 Qg8+ 63. Kf3 Qd5+ 64. Kf2 Qf5+ 65.
Ke1 Qb1+ 66. Nd1 Qb4+ 67. Ke2 Qxa4 68. Qa8+ Kg7 69. Qg2+ Kf8 70. Qh3 Qc2+ 71.
Ke1 Qe4+ 72. Kf1 Qf4+ 73. Ke2 Qh2+ 74. Qxh2 Bxh2 75. Kd3 Be5 76. Nf2 Ke7 77.
Ne4 h5 78. Kc4 h4 79. Kb5 h3 80. Kxb6 h2 81. Nf2 d3 0-1